| 000 | 00745nam a2200217 i 4500 | ||
|---|---|---|---|
| 001 | 126457 | ||
| 003 | ES-MaACL | ||
| 005 | 20230906192826.0 | ||
| 007 | t| | ||
| 008 | 070214s1932 sp r ||||1| spa d | ||
| 100 | 1 |
_aReparaz, Gonzalo de, _d1860-1939 _9131716 |
|
| 245 | 1 | 0 |
_aEpisodios de una tragedia histórica / _cGonzalo de Reparaz. |
| 260 |
_aMadrid : _bM. Aguilar, _c1932 ( _fBolaños y Aguilar) |
||
| 300 |
_a225 p. ; _c20 cm. |
||
| 530 | _aDisponible en formato digital. | ||
| 651 | 4 |
_aEspaña- _xHistoria- _y0414-1474, Edad media. _98214 |
|
| 852 |
_aES-MaACL _jA-933 |
||
| 852 |
_aES-MaACL _jB-9477 |
||
| 856 |
_uhttp://bdh-rd.bne.es/viewer.vm?id=0000252810&page=1 _zBiblioteca Digital Hispánica |
||
| 999 |
_c126457 _d126457 |
||